La educación en el Brasil : período republicano.

שמור ב:
מידע ביבליוגרפי
מחבר ראשי: Contreras, Mario (autor)
פורמט: ספר
שפה:ספרדית
סדרה:(Biblioteca pedagógica ; no. 7)
נושאים:
תגים: הוספת תג
אין תגיות, היה/י הראשונ/ה לתייג את הרשומה!

MARC

LEADER 00000cam^a2200000uu^4500
001 000479923
005 20250521000000.0
008 050901s1985^^^^^^^^^^^^rd^r^^000^0^spa^d
009 20260310124948.5
022 |a 9686011692 
035 |a FCE 000022930 
035 |a FCE 004109 
037 |a Acervo ITESO - Biblioteca 
041 |a spa 
082 0 4 |a 082.1  |b SECa 7 
100 |a Contreras, Mario  |e (autor) 
245 1 3 |a La educación en el Brasil :  |b período republicano. 
264 |a México :  |b SEP : El Caballito,  |c 1985. 
300 |a 154 p. 
336 |a texto  |b txt  |2 rdacontenido 
337 |a sin mediación  |b n  |2 rdamedio 
338 |a volumen  |b nc  |2 rdasoporte 
440 0 |a (Biblioteca pedagógica ;  |v no. 7) 
649 |a XX 
650 |a Sistema educativo 
650 |a Antología 
650 |a Capacitación 
650 |a Brasil 
910 |a Fondo Centro de Estudios Educativos 
920 |a Impresos - Libros 
930 |a Fondos Especiales 
905 |a 133 
901 |a ALE004109  |b IT2  |c CEE  |u 20250521 
902 |a https://opac.biblio.iteso.mx/vufind/Record/000479923